Mechanics, analysis and geometry : 200 years after Lagrange /
Guardado en:
| Otros Autores: | , |
|---|---|
| Formato: | Libro |
| Idioma: | English |
| Publicado: |
Amsterdam :
North-Holland,
1991.
|
| Series: | North-Holland delta series
|
| Materias: | |
| Etiquetas: |
Agregar Etiqueta
Sin Etiquetas, Sea el primero en etiquetar este registro!
|
| LEADER | 01238pam a2200277 a 4500 | ||
|---|---|---|---|
| 001 | MAT.inmabb004127 | ||
| 008 | 901205s1991####ne#######b####001#0#eng## | ||
| 005 | 20160531164358.0 | ||
| 245 | 0 | 0 | |a Mechanics, analysis and geometry : |b 200 years after Lagrange / |c edited by Mauro Francaviglia. |
| 260 | |a Amsterdam : |b North-Holland, |c 1991. | ||
| 300 | |a xi, 559 p. ; |c 25 cm. | ||
| 440 | 0 | |a North-Holland delta series | |
| 500 | |a "This volume consists of solicited articles written by a number of eminent scientists from the international community on the occasion of the bicentennial year of the publication by Joseph-Louis Lagrange of his famous treatise 'Mechanique analitique' [1788]"--Foreword. | ||
| 500 | |a Incluye reproducción de la portada de 'Méchanique analitique'. | ||
| 504 | |a Incluye referencias bibliográficas e índice. | ||
| 510 | 4 | |a MR, |c 91k:58003 | |
| 020 | |a 0444889582 | ||
| 700 | 1 | |a Francaviglia, Mauro. |4 edt | |
| 700 | 1 | |a Lagrange, J. L. |q (Joseph Louis), |d 1736-1813. |t Mécanique analytique. | |
| 650 | 0 | |a Mechanics, Analytic. | |
| 650 | 0 | |a Mathematical analysis. | |
| 650 | 0 | |a Geometry. | |
| 084 | |a 58-06 (00B15) |2 MR | ||
| 010 | |a 90026313 | ||
| 040 | |a DLC |c DLC |d DLC | ||
| 859 | |h 58 |i M486 |p A-7363 |b BIB. MATEMATICA | ||
